Statistiques concernant Paroles - Il changeait la vie - Jean Jacques Goldman

Cliquez ici pour prendre le quiz!

Statistiques générales

  • Ce quiz a été pris 1 121 fois
  • Le résultat moyen est 186 sur 220

Statistiques - réponses

Réponse% Correct
Il
99%
un
99%
à
98%
A
98%
de
98%
la
98%
sa
98%
vie
98%
vie,
98%
C'était
97%
changeait
97%
et
96%
Et
96%
le
96%
des
95%
cordonnier,
94%
que
93%
Que
93%
Qui
93%
si
93%
du
92%
rien
92%
m'a
91%
cœur
90%
Se
90%
s'en
90%
au
89%
jour,
89%
jour
89%
grand
88%
on
88%
temps,
88%
y
88%
lui
87%
sans
87%
dire
85%
les
85%
Les
85%
talent
85%
chaque
84%
mettait
84%
nos
84%
pouvait
84%
professeur,
84%
professeur
84%
simple
84%
grandes
83%
peu
83%
théories
83%
discours,
82%
loin
82%
milieu
81%
tout
81%
beaux
80%
d'particulier
80%
était
80%
heures
80%
moins
80%
son
80%
pour
79%
souliers
79%
passait
78%
faisait
77%
légers
77%
pensait
77%
Dans
76%
dont
76%
savoir
76%
trésor
76%
échappé
75%
nom
75%
porter
75%
qu'un
75%
bonhomme,
74%
bonhomme
74%
en
74%
jolis,
73%
p'tit
73%
tous
73%
village
73%
Ainsi
72%
lourdes
72%
sortir
72%
tâche
72%
semblaient
71%
vies
71%
chacun
69%
droit
69%
s'instruire
69%
n'avaient
67%
qu'a
66%
ses
66%
sur
66%
saxophone
65%
l'école
64%
après
61%
somme
61%
rêveur,
60%
hommes
58%
pleurait
58%
autres
57%
Malhabile
57%
douleur
56%
tant
56%
larmes
55%
loupé
54%
cris
53%
prisons
52%
croyait
51%
inutile,
50%
mit
50%
souffle
49%
rêves
47%
Inspiré
39%
banni
36%

Distribution des résultats

Percentile par nombre de réponses

% des personnes avec chaque résultat

Votre développement - résultats

Vous n’avez pas pris ce quiz